La técnica de la instrucción programada
Kaydedildi:
| Asıl Yazarlar: | , , |
|---|---|
| Materyal Türü: | Kitap |
| Dil: | İspanyolca |
| Baskı/Yayın Bilgisi: |
Buenos Aires
Paidós
1970
|
| Seri Bilgileri: | Biblioteca del Educador Contemporáneo
|
| Konular: | |
| Etiketler: |
Etiketle
Etiket eklenmemiş, İlk siz ekleyin!
|
MARC
| LEADER | 00000nam a2200000 a 4500 | ||
|---|---|---|---|
| 001 | UCZ9808 | ||
| 003 | CL-VaPUC | ||
| 008 | 960311e19700000AG |||||||||||||||||spa|d | ||
| 082 | 0 | 4 | |a 371.394 |b KAY |2 21 |
| 100 | |a Kay, Harry |e author |9 354694 | ||
| 700 | 0 | |a Dodd, Bernard |e author |9 354695 | |
| 700 | 0 | |a Sime, Max |e author |9 354696 | |
| 245 | 1 | 3 | |a La técnica de la instrucción programada |
| 300 | |a 234 p | ||
| 942 | |c BK | ||
| 945 | |d 19960311 00:00:00 |a lriquelm | ||
| 260 | |a Buenos Aires |b Paidós |c 1970 | ||
| 650 | 7 | |a ENSEÑANZA PROGRAMADA |2 CL-VaPUC |9 263217 | |
| 650 | 7 | |a MAQUINAS DE ENSEÑAR |2 CL-VaPUC |9 308948 | |
| 650 | 0 | |a Tecnología educacional |9 307265 | |
| 650 | 7 | |a ENSEÑANZA CON AYUDA DE COMPUTADORES |2 CL-VaPUC |9 262450 | |
| 650 | 7 | |a MATERIAL Y EQUIPO DIDACTICOS |2 CL-VaPUC |9 309109 | |
| 583 | |a last modification |c 19960311 00:00:00 |k Rodrigo Vera | ||
| 490 | 0 | |a Biblioteca del Educador Contemporáneo | |
| 999 | |c 244873 |d 244871 | ||
| 952 | |0 0 |1 0 |4 0 |6 371_394000000000000_KAY_1970 |7 0 |8 P |9 259132 |a BIBEDU |b BIBEDU |c BIBEDU_PB |d 2019-11-19 |i 1629816 |o 371.394 KAY 1970 |p 1629816 |r 2024-01-25 |w 2019-11-19 |y BK |k EDU | ||